| 000 | 01067cam a2200277 a 4500 | ||
|---|---|---|---|
| 005 | 20160222095617.0 | ||
| 008 | 031201s2003 us a r 00010 eng d | ||
| 020 | _a0821354590 | ||
| 040 |
_ala _cla _dCO-BoIAVH |
||
| 041 | 0 | _aeng | |
| 082 | 0 | 4 |
_a307.14 _bC71r |
| 100 | 1 | _aCsaki, Csaba. | |
| 245 | 1 | 0 |
_aReaching the rural poor : _ba renewed strategy for rural development / _c[Csaba Csaki, Cornelis de Haan]. |
| 260 |
_aWashington : _bThe World Bank, _c2003. |
||
| 300 |
_axxx, 174 p. : _bil. ; _c25 cm. |
||
| 500 | _aLa Biblioteca es depositaria de las publicaciones del Banco Mundial. | ||
| 504 | _aIncluye bibliografías. | ||
| 650 |
_aDesarrollo rural _z Países en desarrollo. |
||
| 650 |
_aPobreza rural _z Países en desarrollo. |
||
| 650 |
_aProyectos de desarrollo rural _z Países en desarrollo. |
||
| 650 |
_aProyectos de desarrollo agrícola _z Países en desarrollo. |
||
| 700 | 1 | _aHaan, Cornelis de. | |
| 710 | 1 |
_aBanco Mundial _c(Washington) |
|
| 942 |
_2ddc _cLIBRO |
||
| 949 |
_an _bn |
||
| 999 |
_c3602 _d3602 |
||